logo

Bir Sreshtho Munshi Abdur Rouf Library
Jhenaidah Cadet College

An introduction to the Republic of Plato, (Record no. 9457)

MARC details
000 -LEADER
fixed length control field 00718cam a22002411 4500
001 - CONTROL NUMBER
JCCL Control Number 9457
003 - CONTROL NUMBER IDENTIFIER
JCCL marc code BD-JhCC
005 - DATE AND TIME OF LATEST TRANSACTION
control field 20180314165005.0
008 - FIXED-LENGTH DATA ELEMENTS--GENERAL INFORMATION
fixed length control field 830616s1937 enk 000 0 eng
035 ## - SYSTEM CONTROL NUMBER
system control number (OCoLC)9611088
-- (BD-JhCC)9457
040 ## - CATALOGING SOURCE
Original cataloging agency DLC
Transcribing agency OCU
Modifying agency OCU
-- DLC
-- BD-JhCC
041 ## - LANGUAGE CODE
Language code of Book eng
050 00 - LIBRARY OF CONGRESS CALL NUMBER
Classification number JC71.P6
Item number B74 1937
082 ## - DEWEY DECIMAL CLASSIFICATION NUMBER
Classification number 321.07
-- [888.4]
Author mark and Year BOY 1937
100 1# - MAIN ENTRY--PERSONAL NAME
Personal name Boyd, William,
Dates associated with a name 1874-1962.
245 13 - TITLE STATEMENT
Title An introduction to the Republic of Plato,
Statement of responsibility, etc by William Boyd ...
260 ## - PUBLICATION, DISTRIBUTION, ETC. (IMPRINT)
Place of publication, distribution, etc London,
Name of publisher, distributor, etc G. Allen & Unwin, ltd.
Date of publication, distribution, etc [1937]
300 ## - PHYSICAL DESCRIPTION
Pagination xii, 196 p.
Dimensions 19 cm.
500 ## - GENERAL NOTE
General note "First published 1904 ... Third impression 1937."
600 00 - SUBJECT ADDED ENTRY--PERSONAL NAME
Personal name Plato.
Title of a work Republic.
942 ## - ADDED ENTRY ELEMENTS (KOHA)
Source of classification or shelving scheme Dewey Decimal Classification
Koha item type Books
Holdings
Source of classification or shelving scheme Damaged status Not for loan Home library Current library Shelving location Total Checkouts Full call number Barcode Date last seen Copy number Koha item type
Dewey Decimal Classification     JCC Rouf Library JCC Rouf Library General Stacks   321.07 BOY 1937 12409 03/14/2018 C - 1 Books

JCC Library | Contacts | JCC Home

Last Update on 23 September 2017
Copyright @ 2017-2020 JCC Rouf Library
Rouf Library, Jhenidah Cadet College (JCC), Bangladesh